12 missing Countries - Statistics

General Stats
  • This quiz has been taken 660 times
  • The average score is 4 of 12
Answer Stats
COUNTRY % Correct
Suriname
81%
Paraguay
80%
Vanuatu
66%
Bahamas
49%
Papua New Guinea
49%
El Salvador
47%
Iceland
26%
Moldova
15%
East Timor
11%
Equatorial Guinea
10%
Madagascar
5%
Saudi Arabia
5%
No matching quizzes found
Score Distribution
Percent of People with Each Score
Percentile by Number Answered
Your Score History
You have not taken this quiz